SQL Server 2005 : Xây dựng ứng dụng quản lý kế toán bằng C# 2005
Cuốn sách "SQL Server 2005 - Xây dựng ứng dụng quản lý kế toán bằng C# 2005" nằm trong bộ giáo trình SQL Server 2005.
Sparad:
| Huvudupphovsman: | |
|---|---|
| Materialtyp: | Bok |
| Språk: | Undetermined |
| Publicerad: |
Hà Nội
Lao động - Xã hội
2008
|
| Ämnen: | |
| Taggar: |
Lägg till en tagg
Inga taggar, Lägg till första taggen!
|
| Thư viện lưu trữ: | Trung tâm Học liệu Trường Đại học Cần Thơ |
|---|
| LEADER | 00969nam a2200229Ia 4500 | ||
|---|---|---|---|
| 001 | CTU_136093 | ||
| 008 | 210402s9999 xx 000 0 und d | ||
| 020 | |c 98000 | ||
| 082 | |a 005.74068 | ||
| 082 | |b Kh106 | ||
| 100 | |a Phạm, Hữu Khang | ||
| 245 | 0 | |a SQL Server 2005 : | |
| 245 | 0 | |b Xây dựng ứng dụng quản lý kế toán bằng C# 2005 | |
| 245 | 0 | |c Phạm Hữu Khang chủ biên ; Phương Lan hiệu đính | |
| 260 | |a Hà Nội | ||
| 260 | |b Lao động - Xã hội | ||
| 260 | |c 2008 | ||
| 520 | |a Cuốn sách "SQL Server 2005 - Xây dựng ứng dụng quản lý kế toán bằng C# 2005" nằm trong bộ giáo trình SQL Server 2005. | ||
| 650 | |a Computer programs,Dữ liệu trong hệ thống máy tính | ||
| 650 | |x Database management,Quản trị cơ sở dữ liệu | ||
| 904 | |i Trọng Hiếu | ||
| 980 | |a Trung tâm Học liệu Trường Đại học Cần Thơ | ||